000 00675cab a2200229 4500
001 ABS51597
008 090401t1994 xxu||||| |||| 00| 0 eng d
035 _a(Sirsi) u34520
041 _aeng
100 _aRukuts, I.
245 _aBig development opportunities in Riga
260 _c1994
350 _a0
490 _aEstates News
_v(10) October/November 1994, 26(1)
520 _aIdentifies Riga as the most promising prospect for property investment in the Baltic states.
650 _aBALTIC STATES
650 _aLATVIA
690 _aPROPERTY-COMMERCIAL PROPERTY-COMMERCIAL PROPERTY MARKET
690 _aOVERSEAS-EUROPE
942 _n0
948 _c04/03/1997
999 _c22853
_d22853